00402 a2200085 4500001000700000040003200007100002800039245003400067520021500101125152 cEscola Canadense de Niteroi aNóbrega, Maria José10aSalada, Saladinha - Parlendas aSalada, saladinha já vem temperadinha com sal, pimenta e parlendas de primeiríssima qualidade. Barra-manteiga, corre cutia, Esconde bem, que já te vi. Quem quer entrar na brincadeira Abra este livro aqui!